[Event "SRI-ch (Women)"]
[Site "Colombo"]
[Date "2016.06.03"]
[Round "7"]
[White "Gunaratne, Manisha Suchini"]
[Black "Saumy, Zainab"]
[Result "0-1"]
[WhiteElo "1662"]
[BlackElo "1748"]
[PlyCount "68"]
[EventDate "2016.05.27"]
[EventType "tourn"]
[EventRounds "13"]
[EventCountry "SRI"]
[SourceTitle "CBM 172 Extra"]
[Source "ChessBase"]
[SourceDate "2016.06.21"]
[SourceVersion "1"]
[SourceVersionDate "2016.06.21"]
[SourceQuality "1"]

1. d4 Nf6 2. c4 c5 3. d5 b5 4. cxb5 a6 5. b6 d6 6. Nc3 Nbd7 7. Nf3 Rb8 8. e4 g6 9. Bc4 Bg7 10. 0-0 0-0 11. h3 Rxb6 12. Ng5 Ne5 13. Bb3 h6 14. f4 hxg5 15. fxe5 Nh5 16. Bxg5 Bxe5 17. Rb1 Rb4 18. Bh6 c4 19. Qf3 Ng7 20. Bc2 Qb6+ 21. Be3 Qb8 22. Bg5 Qa7+ 23. Be3 Qb7 24. Qe2 Nh5 25. Bf2 Bd7 26. a3 Rxb2 27. Na4 Bxa4 28. Rbc1 Nf4 29. Qd1 Bxc2 30. Rxc2 Rxc2 31. Qxc2 Qb3 32. Qc1 Nxh3+ 33. Kh1 Nxf2+ 34. Rxf2 Qg3 0-1

[Event "SRI-ch (Women)"]
[Site "Colombo"]
[Date "2016.05.28"]
[Round "4"]
[White "Ranasinghe, Sachini D"]
[Black "Gunaratne, Manisha Suchini"]
[Result "0-1"]
[WhiteElo "1752"]
[BlackElo "1662"]
[PlyCount "70"]
[EventDate "2016.05.27"]
[EventType "tourn"]
[EventRounds "13"]
[EventCountry "SRI"]
[SourceTitle "CBM 172 Extra"]
[Source "ChessBase"]
[SourceDate "2016.06.21"]
[SourceVersion "1"]
[SourceVersionDate "2016.06.21"]
[SourceQuality "1"]

1. Nf3 g6 2. g3 Bg7 3. Bg2 d6 4. 0-0 e5 5. e4 Ne7 6. d4 0-0 7. c3 Nd7 8. Bg5 h6 9. Bd2 f5 10. exf5 gxf5 11. Qc1 Rf6 12. Na3 Qf8 13. dxe5 dxe5 14. Nc4 Ng6 15. Qc2 Qf7 16. Ne3 Nc5 17. c4 Ne4 18. Nd5 Rc6 19. Rac1 Be6 20. Qb3 Nc5 21. Qe3 Bf8 22. Bb4 f4 23. gxf4 exf4 24. Qa3 Ra6 25. Ba5 b6 26. b4 Nb7 27. Qd3 bxa5 28. Nxc7 Rd6 29. Nd5 axb4 30. Nd4 Ne5 31. Qe4 Nc5 32. Qc2 f3 33. Nxe6 Qxe6 34. Ne3 fxg2 35. Kxg2 Ned3 0-1

[Event "SRI-ch (Women)"]
[Site "Colombo"]
[Date "2014.03.23"]
[Round "12"]
[White "Thilakawardana, Supeshala"]
[Black "Gunaratne, Manisha Suchini"]
[Result "1/2-1/2"]
[WhiteElo "1765"]
[BlackElo "1704"]
[PlyCount "52"]
[EventDate "2014.03.15"]
[EventType "tourn"]
[EventRounds "13"]
[EventCountry "SRI"]
[SourceTitle "CBM 159 Extra"]
[Source "ChessBase"]
[SourceDate "2014.04.24"]
[SourceVersion "1"]
[SourceVersionDate "2014.04.24"]
[SourceQuality "1"]

1. d4 Nf6 2. Nf3 c5 3. c3 e6 4. Bg5 d5 5. Nbd2 Be7 6. Bxf6 Bxf6 7. e3 0-0 8. Bd3 Nc6 9. Qc2 g6 10. dxc5 e5 11. e4 Bg7 12. Bb5 Be6 13. exd5 Qxd5 14. Bc4 Qxc5 15. Bxe6 fxe6 16. 0-0 Rf4 17. Ne4 Qe7 18. Rfe1 Raf8 19. Qb3 Nd8 20. Rad1 Kh8 21. Qb5 Nc6 22. Qb3 Rg4 23. h3 Rgf4 24. Neg5 R8f6 25. Ne4 Rf7 26. Neg5 R7f6 1/2-1/2

[Event "SRI-ch (Women)"]
[Site "Colombo"]
[Date "2014.03.16"]
[Round "4"]
[White "Gunaratne, Manisha Suchini"]
[Black "Wickramasinghe, Dilhara Ishini"]
[Result "0-1"]
[WhiteElo "1704"]
[BlackElo "1551"]
[PlyCount "132"]
[EventDate "2014.03.15"]
[EventType "tourn"]
[EventRounds "13"]
[EventCountry "SRI"]
[SourceTitle "CBM 159 Extra"]
[Source "ChessBase"]
[SourceDate "2014.04.24"]
[SourceVersion "1"]
[SourceVersionDate "2014.04.24"]
[SourceQuality "1"]

1. e4 c5 2. Nf3 d6 3. d4 cxd4 4. Nxd4 Nf6 5. Nc3 g6 6. Be3 Bg7 7. f3 0-0 8. Qd2 Nc6 9. Bc4 Bd7 10. 0-0-0 Qa5 11. h4 Rfc8 12. Bb3 Ne5 13. h5 Nc4 14. Bxc4 Rxc4 15. hxg6 fxg6 16. Bh6 Nxe4 17. fxe4 Rxd4 18. Qe3 Rxd1+ 19. Rxd1 Bxc3 20. bxc3 Qxa2 21. Qd4 Qf7 22. Qd3 Qf6 23. Rf1 Qe5 24. Qf3 Qf6 25. Qd3 Qe5 26. Qc4+ Be6 27. Qc7 Qh5 28. Bd2 Qb5 29. Rh1 Qa4 30. Qxb7 Qa1+ 31. Qb1 Qxb1+ 32. Kxb1 Rb8+ 33. Ka1 Rb5 34. Bh6 Bf7 35. g4 Ra5+ 36. Kb2 Ra2+ 37. Kb1 Ra4 38. Re1 Ra5 39. Re3 Rc5 40. Kb2 Ra5 41. Rf3 Ra2+ 42. Kb1 Ra4 43. Re3 Ra5 44. Kb2 Ra4 45. Kb1 Ra5 46. Kb2 Rb5+ 47. Ka1 a5 48. Rf3 a4 49. c4 Rb4 50. c5 Rxe4 51. cxd6 exd6 52. Rf4 Rxf4 53. Bxf4 d5 54. Kb2 h5 55. gxh5 gxh5 56. Ka3 Be8 57. Kb4 Kf7 58. c4 dxc4 59. Kxc4 Ke6 60. Kd4 Kf5 61. Bd6 Ke6 62. Ba3 Kf5 63. Ke3 h4 64. Bc1 Ke5 65. Bb2+ Kf5 66. Ba3 Kg4 0-1

[Event "SRI-ch (Women)"]
[Site "Colombo"]
[Date "2014.03.15"]
[Round "1"]
[White "Ranasinghe, Thinithi Sahanika"]
[Black "Gunaratne, Manisha Suchini"]
[Result "0-1"]
[WhiteElo "1567"]
[BlackElo "1704"]
[PlyCount "78"]
[EventDate "2014.03.15"]
[EventType "tourn"]
[EventRounds "13"]
[EventCountry "SRI"]
[SourceTitle "CBM 159 Extra"]
[Source "ChessBase"]
[SourceDate "2014.04.24"]
[SourceVersion "1"]
[SourceVersionDate "2014.04.24"]
[SourceQuality "1"]

1. c4 g6 2. Nc3 Bg7 3. d4 Nf6 4. g3 0-0 5. Bg2 d6 6. e3 Na6 7. Nge2 c5 8. 0-0 Rb8 9. Nb5 Be6 10. d5 Bd7 11. Qb3 Bxb5 12. cxb5 Nc7 13. Nc3 Nd7 14. a4 Ne5 15. Rd1 e6 16. f4 c4 17. Qa2 Nd3 18. Qxc4 Nxc1 19. Raxc1 exd5 20. Bxd5 Qe7 21. Kf2 Rfc8 22. Qd3 Ne8 23. b3 Nf6 24. Kg2 Rxc3 25. Bxf7+ Kxf7 26. Rxc3 Ng4 27. Qd5+ Kf8 28. Rcd3 Rc8 29. Qf3 Rc2+ 30. R1d2 Nxe3+ 31. Kf2 Rxd2+ 32. Rxd2 Nf5 33. Re2 Qd7 34. Qd5 Bd4+ 35. Kf3 Qc7 36. Qe4 Qc3+ 37. Kg2 Ne3+ 38. Kh3 Qc8+ 39. Kh4 Qg4# 0-1

[Event "Wch U16 Girls"]
[Site "Al Ain"]
[Date "2013.12.23"]
[Round "7"]
[White "Tursunova, Shahnoza"]
[Black "Gunaratne, Manisha Suchini"]
[Result "1-0"]
[WhiteElo "1937"]
[BlackElo "1691"]
[PlyCount "90"]
[EventDate "2013.12.18"]
[EventType "swiss"]
[EventRounds "11"]
[EventCountry "UAE"]
[SourceTitle "CBM 158 Extra"]
[Source "ChessBase"]
[SourceDate "2014.02.28"]
[SourceVersion "1"]
[SourceVersionDate "2014.02.28"]
[SourceQuality "1"]

1. e4 c5 2. Nf3 d6 3. d4 cxd4 4. Nxd4 Nf6 5. Nc3 g6 6. Bg5 Bg7 7. Bb5+ Nbd7 8. Qd2 h6 9. Be3 Ng4 10. f4 Nxe3 11. Qxe3 a6 12. Bxd7+ Bxd7 13. 0-0 Qb6 14. Rfd1 0-0 15. Rab1 Bg4 16. Rd3 Rac8 17. Nf5 Qxe3+ 18. Nxe3 Be6 19. Ncd5 Bxd5 20. Rxd5 Rc5 21. c3 f5 22. exf5 gxf5 23. Rbd1 Rf6 24. Rxc5 dxc5 25. Rd5 Re6 26. Kf2 Re4 27. g3 e5 28. Nxf5 exf4 29. Nxg7 Kxg7 30. Rd7+ Kf6 31. Rxb7 fxg3+ 32. hxg3 Ra4 33. a3 Ra5 34. Ke3 Kg5 35. Kf3 Ra4 36. Rg7+ Kf6 37. Rc7 Ra5 38. Kf4 Rb5 39. Rc6+ Ke7 40. b4 cxb4 41. axb4 h5 42. Rxa6 Rd5 43. Ra5 Rd3 44. Re5+ Kd6 45. Re8 Kd7 1-0

[Event "SRI-ch (Women)"]
[Site "Colombo"]
[Date "2013.09.29"]
[Round "5"]
[White "Gunaratne, Manisha Suchini"]
[Black "Methmani, Nelunika"]
[Result "1-0"]
[WhiteElo "1733"]
[BlackElo "1630"]
[PlyCount "124"]
[EventDate "2013.09.27"]
[EventType "tourn"]
[EventRounds "13"]
[EventCountry "SRI"]
[SourceTitle "CBM 156 Extra"]
[Source "ChessBase"]
[SourceDate "2013.10.22"]
[SourceVersion "1"]
[SourceVersionDate "2013.10.22"]
[SourceQuality "1"]

1. e4 d6 2. d4 Nf6 3. Nd2 g6 4. Bc4 Bg7 5. Ne2 0-0 6. 0-0 c6 7. Bb3 Na6 8. c3 b5 9. f4 c5 10. Kh1 Bb7 11. Bc2 Rc8 12. f5 Qc7 13. fxg6 hxg6 14. d5 Kh7 15. Nf3 Rh8 16. Nf4 Kg8 17. Ng5 Bh6 18. Nxf7 Kxf7 19. Nxg6 Rhg8 20. Qh5 Rxg6 21. e5 Rcg8 22. e6+ Ke8 23. Bxg6+ Kd8 24. Qxh6 Bxd5 25. Bg5 Qc6 26. Bxf6 Bxg2+ 27. Kg1 Be4 28. Bxe7+ Kc7 29. Bd8+ Kc8 30. Bg5 Rxg6 31. Qf8+ Kb7 32. Qe7+ Kb6 33. h4 Qd5 34. Qd8+ Kb7 35. Rf7+ Kc6 36. Qa8+ Kb6 37. Qxa7+ Ka5 38. b4+ cxb4 39. cxb4+ Kxb4 40. a3+ Kb3 41. Qe3+ Ka4 42. Re1 Rxe6 43. Rf4 Nc5 44. Qc3 Nd3 45. Qc2+ Ka5 46. Bd8+ Ka6 47. Qc8+ Qb7 48. Qxb7+ Bxb7 49. Rxe6 Nxf4 50. Rxd6+ Ka7 51. Bb6+ Kb8 52. Kf2 Nh5 53. Rd8+ Bc8 54. Rd5 Nf6 55. Rxb5 Bd7 56. Rb2 Nh5 57. Bd4+ Kc7 58. Be5+ Kc6 59. Rd2 Bg4 60. Rd4 Bh3 61. Kf3 Bf5 62. Rd8 Bc2 1-0

[Event "SRI-ch (Women)"]
[Site "Colombo"]
[Date "2013.09.27"]
[Round "2"]
[White "Ranasinghe, Sachini D"]
[Black "Gunaratne, Manisha Suchini"]
[Result "1-0"]
[WhiteElo "1867"]
[BlackElo "1733"]
[PlyCount "64"]
[EventDate "2013.09.27"]
[EventType "tourn"]
[EventRounds "13"]
[EventCountry "SRI"]
[SourceTitle "CBM 156 Extra"]
[Source "ChessBase"]
[SourceDate "2013.10.22"]
[SourceVersion "1"]
[SourceVersionDate "2013.10.22"]
[SourceQuality "1"]

1. c4 g6 2. Nc3 Bg7 3. g3 e5 4. Bg2 Ne7 5. d3 0-0 6. e4 d6 7. Nge2 Nd7 8. 0-0 f5 9. f4 Nf6 10. exf5 Nxf5 11. Kh1 c6 12. Rb1 Ng4 13. Rf3 Qb6 14. Qg1 Qxg1+ 15. Kxg1 Be6 16. h3 Nf6 17. Rf1 Nd7 18. Na4 Nc5 19. Nxc5 dxc5 20. g4 Nd4 21. Nxd4 cxd4 22. Be4 exf4 23. Bxf4 Rad8 24. b3 Rd7 25. Rbe1 Rdf7 26. Bd6 Rxf1+ 27. Rxf1 Rxf1+ 28. Kxf1 a6 29. a4 Kf7 30. b4 Bd7 31. a5 Ke6 32. Bc5 Be8 1-0

[Event "Ambalangoda Dhamso op 3rd"]
[Site "Ambalangoda"]
[Date "2013.02.22"]
[Round "3"]
[White "Galappaththi, Chinthaka Anuruddh"]
[Black "Gunaratne, Manisha Suchini"]
[Result "1-0"]
[WhiteElo "2112"]
[BlackElo "1702"]
[PlyCount "63"]
[EventDate "2013.02.21"]
[EventType "swiss"]
[EventRounds "9"]
[EventCountry "SRI"]
[SourceTitle "CBM 153 Extra"]
[Source "ChessBase"]
[SourceDate "2013.04.22"]
[SourceVersion "1"]
[SourceVersionDate "2013.04.22"]
[SourceQuality "1"]

1. d4 Nf6 2. Nf3 c5 3. d5 d6 4. c4 g6 5. Nc3 Bg7 6. h3 0-0 7. e4 Na6 8. Bd3 Nc7 9. 0-0 a6 10. a4 b6 11. Bf4 Rb8 12. Qe2 Bd7 13. e5 Nfe8 14. Rfe1 b5 15. axb5 axb5 16. cxb5 e6 17. Bg5 f6 18. exf6 Nxf6 19. Bc4 exd5 20. Nxd5 Ncxd5 21. Bxd5+ Kh8 22. Bc4 Qc7 23. Bf4 Nh5 24. Bh2 Nf4 25. Qd2 Bh6 26. Bxf4 Rxf4 27. Re7 d5 28. Qxd5 Bc6 29. Rxc7 Bxd5 30. Bxd5 Rxb5 31. Raa7 Rxb2 32. Rxh7# 1-0

[Event "World School-ch U15 Girls 8th"]
[Site "Iasi"]
[Date "2012.05.01"]
[Round "4"]
[White "Gunaratne, Manisha Suchini"]
[Black "Menzi, Nezihe Ezgi"]
[Result "1/2-1/2"]
[WhiteElo "1567"]
[BlackElo "1902"]
[PlyCount "77"]
[EventDate "2012.04.28"]
[EventType "swiss"]
[EventRounds "9"]
[EventCountry "ROU"]
[SourceTitle "EXT 2013"]
[Source "ChessBase"]
[SourceDate "2012.11.22"]
[SourceVersion "1"]
[SourceVersionDate "2012.11.22"]
[SourceQuality "1"]

1. e4 e5 2. Nf3 Nc6 3. Bb5 a6 4. Ba4 Nf6 5. 0-0 b5 6. Bb3 Bb7 7. Re1 Bc5 8. c3 d6 9. d4 Bb6 10. Nbd2 exd4 11. e5 dxe5 12. Nxe5 0-0 13. Nxf7 Rxf7 14. Bxf7+ Kxf7 15. Qb3+ Qd5 16. c4 bxc4 17. Nxc4 Rd8 18. Bf4 Na5 19. Ne5+ Kg8 20. Qh3 Ne4 21. Rxe4 Bc8 22. Qf3 Rf8 23. Rae1 Bf5 24. R4e2 Qxf3 25. Nxf3 Bg6 26. Bd2 Nc4 27. Bg5 d3 28. Re7 d2 29. Rd1 Bc2 30. Rxd2 Nxd2 31. Bxd2 Bd1 32. Be3 Bxf3 33. gxf3 Rxf3 34. Re6 Kf7 35. Rc6 Rf6 36. Rc3 Ba5 37. Rc5 Bb6 38. Rc3 Ba5 39. Rc5 1/2-1/2

[Event "World School-ch U15 Girls 8th"]
[Site "Iasi"]
[Date "2012.04.28"]
[Round "1"]
[White "Shnayder, Violetta"]
[Black "Gunaratne, Manisha Suchini"]
[Result "1-0"]
[WhiteElo "1879"]
[BlackElo "1567"]
[PlyCount "119"]
[EventDate "2012.04.28"]
[EventType "swiss"]
[EventRounds "9"]
[EventCountry "ROU"]
[SourceTitle "EXT 2013"]
[Source "ChessBase"]
[SourceDate "2012.11.22"]
[SourceVersion "1"]
[SourceVersionDate "2012.11.22"]
[SourceQuality "1"]

1. e4 c5 2. c3 d6 3. d4 Nf6 4. Bd3 Nc6 5. d5 Ne5 6. Nf3 Ned7 7. c4 g6 8. Nc3 Bg7 9. Bf4 0-0 10. Qd2 a6 11. a4 Rb8 12. 0-0 Qc7 13. Bh6 e6 14. Bxg7 Kxg7 15. Rfe1 exd5 16. exd5 Ne5 17. Nxe5 dxe5 18. Ne4 Nxe4 19. Bxe4 Qd6 20. Rac1 Bd7 21. a5 b5 22. axb6 Qxb6 23. Rb1 Qb3 24. Bd3 Rfe8 25. Re3 e4 26. Bf1 Qa2 27. Qc2 Qa4 28. b3 Qb4 29. Rxe4 Bf5 30. Qb2+ Kg8 31. Rxe8+ Rxe8 32. Ra1 Bg4 33. f3 Bc8 34. Kf2 a5 35. Ra4 Qb6 36. Qc3 Qd8 37. g3 Qe7 38. Qe1 g5 39. Ra2 Qc7 40. Qxa5 Qe5 41. Qxc5 Qe1+ 42. Kg1 Qb1 43. Ra8 Bd7 44. Rxe8+ Bxe8 45. Qe3 Kf8 46. Qd3 Qe1 47. Qe2 Qc3 48. Qd3 Qe1 49. d6 Qe6 50. c5 Bc6 51. Kf2 g4 52. Qe3 Qd5 53. Bc4 Qxf3+ 54. Qxf3 gxf3 55. b4 Ke8 56. b5 Be4 57. c6 Kd8 58. Bxf7 Kc8 59. Be6+ Kb8 60. c7+ 1-0